| 000 | 00627nam a2200229Ia 4500 | ||
|---|---|---|---|
| 003 | OSt | ||
| 005 | 20220928141424.0 | ||
| 006 | a|||||r|||| 00| 0 | ||
| 007 | ta | ||
| 008 | 220927b |||||||| |||| 00| 0 eng d | ||
| 024 | _a14787 | ||
| 037 | _cTextual | ||
| 040 |
_aSDCL _cSDCL _beng |
||
| 041 |
_2eng _aeng |
||
| 082 | _aO-(Y15),1L:g, P3 | ||
| 100 |
_aPrescott Sarah Ed. _9499952 |
||
| 245 | 0 | _aWomen and poetry,1660-1750. | |
| 260 | _c2003 | ||
| 700 |
_a Shuttleton David E Ed. _9499953 |
||
| 942 |
_hO-(Y15),1L:g, P3 _cTEXL _2CC |
||
| 999 |
_c817196 _d817196 |
||